Statistics for Say Apu’s full name!

Click here to take the quiz!

General Stats

  • This quiz has been taken 27 times
    (15 since last reset)
  • The average score is 91 of 200

Answer Stats

Answer% Correct
Apu Nahasapeemapetilon
75%
Apu Nahasapeemapetilon
75%
Apu Nahasapeemapetilon
75%
Apu Nahasapeemapetilon
75%
Apu Nahasapeemapetilon
75%
Apu Nahasapeemapetilon
75%
Apu Nahasapeemapetilon
75%
Apu Nahasapeemapetilon
75%
Apu Nahasapeemapetilon
75%
Apu Nahasapeemapetilon
75%
Apu Nahasapeemapetilon
75%
Apu Nahasapeemapetilon
75%
Apu Nahasapeemapetilon
75%
Apu Nahasapeemapetilon
75%
Apu Nahasapeemapetilon
75%
Apu Nahasapeemapetilon
75%
Apu Nahasapeemapetilon
75%
Apu Nahasapeemapetilon
75%
Apu Nahasapeemapetilon
75%
Apu Nahasapeemapetilon
75%
Apu Nahasapeemapetilon
75%
Apu Nahasapeemapetilon
75%
Apu Nahasapeemapetilon
75%
Apu Nahasapeemapetilon
75%
Apu Nahasapeemapetilon
75%
Apu Nahasapeemapetilon
75%
Apu Nahasapeemapetilon
75%
Apu Nahasapeemapetilon
75%
Apu Nahasapeemapetilon
75%
Apu Nahasapeemapetilon
75%
Apu Nahasapeemapetilon
75%
Apu Nahasapeemapetilon
75%
Apu Nahasapeemapetilon
75%
Apu Nahasapeemapetilon
75%
Apu Nahasapeemapetilon
75%
Apu Nahasapeemapetilon
75%
Apu Nahasapeemapetilon
75%
Apu Nahasapeemapetilon
75%
Apu Nahasapeemapetilon
75%
Apu Nahasapeemapetilon
75%
Apu Nahasapeemapetilon
75%
Apu Nahasapeemapetilon
75%
Apu Nahasapeemapetilon
75%
Apu Nahasapeemapetilon
75%
Apu Nahasapeemapetilon
75%
Apu Nahasapeemapetilon
75%
Apu Nahasapeemapetilon
75%
Apu Nahasapeemapetilon
75%
Apu Nahasapeemapetilon
75%
Apu Nahasapeemapetilon
75%
Apu Nahasapeemapetilon
75%
Apu Nahasapeemapetilon
75%
Apu Nahasapeemapetilon
75%
Apu Nahasapeemapetilon
75%
Apu Nahasapeemapetilon
75%
Apu Nahasapeemapetilon
75%
Apu Nahasapeemapetilon
75%
Apu Nahasapeemapetilon
75%
Apu Nahasapeemapetilon
75%
Apu Nahasapeemapetilon
75%
Apu Nahasapeemapetilon
75%
Apu Nahasapeemapetilon
75%
Apu Nahasapeemapetilon
75%
Apu Nahasapeemapetilon
75%
Apu Nahasapeemapetilon
75%
Apu Nahasapeemapetilon
75%
Apu Nahasapeemapetilon
75%
Apu Nahasapeemapetilon
75%
Apu Nahasapeemapetilon
75%
Apu Nahasapeemapetilon
75%
Apu Nahasapeemapetilon
75%
Apu Nahasapeemapetilon
75%
Apu Nahasapeemapetilon
75%
Apu Nahasapeemapetilon
75%
Apu Nahasapeemapetilon
75%
Apu Nahasapeemapetilon
75%
Apu Nahasapeemapetilon
75%
Apu Nahasapeemapetilon
75%
Apu Nahasapeemapetilon
75%
Apu Nahasapeemapetilon
50%
Apu Nahasapeemapetilon
50%
Apu Nahasapeemapetilon
50%
Apu Nahasapeemapetilon
50%
Apu Nahasapeemapetilon
50%
Apu Nahasapeemapetilon
25%
Apu Nahasapeemapetilon
25%
Apu Nahasapeemapetilon
25%
Apu Nahasapeemapetilon
25%
Apu Nahasapeemapetilon
25%
Apu Nahasapeemapetilon
25%
Apu Nahasapeemapetilon
25%
Apu Nahasapeemapetilon
25%
Apu Nahasapeemapetilon
25%
Apu Nahasapeemapetilon
25%
Apu Nahasapeemapetilon
25%
Apu Nahasapeemapetilon
25%
Apu Nahasapeemapetilon
25%
Apu Nahasapeemapetilon
25%
Apu Nahasapeemapetilon
25%
Apu Nahasapeemapetilon
25%
Apu Nahasapeemapetilon
25%
Apu Nahasapeemapetilon
25%
Apu Nahasapeemapetilon
25%
Apu Nahasapeemapetilon
25%
Apu Nahasapeemapetilon
25%
Apu Nahasapeemapetilon
25%
Apu Nahasapeemapetilon
25%
Apu Nahasapeemapetilon
25%
Apu Nahasapeemapetilon
25%
Apu Nahasapeemapetilon
25%
Apu Nahasapeemapetilon
25%
Apu Nahasapeemapetilon
25%
Apu Nahasapeemapetilon
25%
Apu Nahasapeemapetilon
25%
Apu Nahasapeemapetilon
25%
Apu Nahasapeemapetilon
25%
Apu Nahasapeemapetilon
25%
Apu Nahasapeemapetilon
25%
Apu Nahasapeemapetilon
25%
Apu Nahasapeemapetilon
25%
Apu Nahasapeemapetilon
25%
Apu Nahasapeemapetilon
25%
Apu Nahasapeemapetilon
25%
Apu Nahasapeemapetilon
25%
Apu Nahasapeemapetilon
25%
Apu Nahasapeemapetilon
25%
Apu Nahasapeemapetilon
25%
Apu Nahasapeemapetilon
25%
Apu Nahasapeemapetilon
25%
Apu Nahasapeemapetilon
25%
Apu Nahasapeemapetilon
25%
Apu Nahasapeemapetilon
25%
Apu Nahasapeemapetilon
25%
Apu Nahasapeemapetilon
25%
Apu Nahasapeemapetilon
25%
Apu Nahasapeemapetilon
25%
Apu Nahasapeemapetilon
25%
Apu Nahasapeemapetilon
25%
Apu Nahasapeemapetilon
25%
Apu Nahasapeemapetilon
25%
Apu Nahasapeemapetilon
25%
Apu Nahasapeemapetilon
25%
Apu Nahasapeemapetilon
25%
Apu Nahasapeemapetilon
25%
Apu Nahasapeemapetilon
25%
Apu Nahasapeemapetilon
25%
Apu Nahasapeemapetilon
25%
Apu Nahasapeemapetilon
25%
Apu Nahasapeemapetilon
25%
Apu Nahasapeemapetilon
25%
Apu Nahasapeemapetilon
25%
Apu Nahasapeemapetilon
25%
Apu Nahasapeemapetilon
25%
Apu Nahasapeemapetilon
25%
Apu Nahasapeemapetilon
25%
Apu Nahasapeemapetilon
25%
Apu Nahasapeemapetilon
25%
Apu Nahasapeemapetilon
25%
Apu Nahasapeemapetilon
25%
Apu Nahasapeemapetilon
25%
Apu Nahasapeemapetilon
25%
Apu Nahasapeemapetilon
25%
Apu Nahasapeemapetilon
25%
Apu Nahasapeemapetilon
25%
Apu Nahasapeemapetilon
25%
Apu Nahasapeemapetilon
25%
Apu Nahasapeemapetilon
25%
Apu Nahasapeemapetilon
25%
Apu Nahasapeemapetilon
25%
Apu Nahasapeemapetilon
25%
Apu Nahasapeemapetilon
25%
Apu Nahasapeemapetilon
25%
Apu Nahasapeemapetilon
25%
Apu Nahasapeemapetilon
25%
Apu Nahasapeemapetilon
25%
Apu Nahasapeemapetilon
25%
Apu Nahasapeemapetilon
25%
Apu Nahasapeemapetilon
25%
Apu Nahasapeemapetilon
25%
Apu Nahasapeemapetilon
25%
Apu Nahasapeemapetilon
25%
Apu Nahasapeemapetilon
25%
Apu Nahasapeemapetilon
25%
Apu Nahasapeemapetilon
25%
Apu Nahasapeemapetilon
25%
Apu Nahasapeemapetilon
25%
Apu Nahasapeemapetilon
25%
Apu Nahasapeemapetilon
25%
Apu Nahasapeemapetilon
25%
Apu Nahasapeemapetilon
25%
Apu Nahasapeemapetilon
25%
Apu Nahasapeemapetilon
25%
Apu Nahasapeemapetilon
25%
Apu Nahasapeemapetilon
25%
Apu Nahasapeemapetilon
25%
Apu Nahasapeemapetilon
25%
Apu Nahasapeemapetilon
25%
Apu Nahasapeemapetilon
25%
Apu Nahasapeemapetilon
25%
Apu Nahasapeemapetilon
25%

Score Distribution

Percentile by Number Answered

Percent of People with Each Score

Your Score History

You have not taken this quiz since the last reset